The performance of nations / (Record no. 592736)

000 -LEADER
fixed length control field 02878cam a2200301 a 4500
001 - CONTROL NUMBER
control field 17437881
005 - DATE AND TIME OF LATEST TRANSACTION
control field 20221220114134.0
008 - FIXED-LENGTH DATA ELEMENTS--GENERAL INFORMATION
fixed length control field 120822s2012 mdua b 001 0 eng
010 ## - LIBRARY OF CONGRESS CONTROL NUMBER
LC control number 2012026585
020 ## - INTERNATIONAL STANDARD BOOK NUMBER
International Standard Book Number 9781442217041 (cloth : alk. paper)
020 ## - INTERNATIONAL STANDARD BOOK NUMBER
International Standard Book Number 9781442217065 (electronic)
040 ## - CATALOGING SOURCE
Original cataloging agency DLC
Transcribing agency DLC
Modifying agency DLC
050 00 - LIBRARY OF CONGRESS CALL NUMBER
Classification number JC330.2
Item number .P47 2012
082 00 - DEWEY DECIMAL CLASSIFICATION NUMBER
Classification number 320.011,PER
Edition number 23
245 04 - TITLE STATEMENT
Title The performance of nations /
Statement of responsibility, etc. edited by Jacek Kugler and Ronald L. Tammen.
260 ## - PUBLICATION, DISTRIBUTION, ETC.
Place of publication, distribution, etc. Lanham :
Name of publisher, distributor, etc. Rowman & Littlefield Publishers, Inc.,
Date of publication, distribution, etc. c2012.
300 ## - PHYSICAL DESCRIPTION
Extent xiv, 334 p. :
Other physical details ill. ;
Dimensions 24 cm.
505 0# - FORMATTED CONTENTS NOTE
Formatted contents note Introduction (Page-1), Political performance / Marina Arbetman Rabinowitz ... [et al.] (Page-7), Setting the stage: the politics of economic growth / Mark Abdollahian and Kyungkook Kang (Page-49), How political performance impacts conflict and growth / Jacek Kugler, Ronald L. Tammen, and John Thomas (Page-75), Political performance, leadership, and regional integration in Europe / Gaspare M. Genna, Birol Yesilada and Peter Noordijk (Page-97), Political performance as a moderator of international migration / Tadeusz Kugler, Constantine Boussalis, and Travis G. Coan (Page-119), Oil-path to prosperity or poverty: the effects of political performance in Africa / Marina Arbetman-Rabinowitz and Kristin Johnson (Page-145), Following the wisdom of elders: instability in China / Kristin Johnson, Marina Arbetman-Rabinowitz, and Siddharth Swaminathan (Page-173), Will foreign aid help curb terrorism in Pakistan? / Ayesha Umar Wahedi and Marina Arbetman-Rabinowitz (Page-191), Provincial politics and the attraction of FDI in india and China / Tadeusz Kugler, Travis G. Coan, and Constantine Boussalis (Page-211), Indian performance, religion, and economic growth / Yi Feng and Saumik Paul (Page-229), The politics of births in India: evidence from the states / Siddharth Swaminathan and John Thomas (Page-245), Government performance and U.S. residential building energy codes / Hal Nelson (Page-267), Do local governments matter?: impact of U.S. municipal level relative political extraction capacity on crime rate / Masami Nishishiba, Mariah Kraner, and Mathew Jones (Page-295), The contributions of political performance / Jacek Kugler and Ronald L. Tammen (Page-315).
650 #0 - SUBJECT ADDED ENTRY--TOPICAL TERM
Topical term or geographic name entry element Political stability
General subdivision Economic aspects
Form subdivision Cross-cultural studies.
9 (RLIN) 105316
650 #0 - SUBJECT ADDED ENTRY--TOPICAL TERM
Topical term or geographic name entry element World politics
Form subdivision Cross-cultural studies.
9 (RLIN) 105317
650 #0 - SUBJECT ADDED ENTRY--TOPICAL TERM
Topical term or geographic name entry element Political indicators
Form subdivision Cross-cultural studies.
9 (RLIN) 105318
650 #0 - SUBJECT ADDED ENTRY--TOPICAL TERM
Topical term or geographic name entry element Central-local government relations
Form subdivision Cross-cultural studies.
9 (RLIN) 105319
700 1# - ADDED ENTRY--PERSONAL NAME
Personal name Kugler, Jacek.
9 (RLIN) 105320
700 1# - ADDED ENTRY--PERSONAL NAME
Personal name Tammen, Ronald L.,
Dates associated with a name 1943-
9 (RLIN) 105321
906 ## - LOCAL DATA ELEMENT F, LDF (RLIN)
a 7
b cbc
c orignew
d 1
e ecip
f 20
g y-gencatlg
942 ## - ADDED ENTRY ELEMENTS (KOHA)
Source of classification or shelving scheme
Koha item type Book
Call number prefix 320.011,PER
Holdings
Withdrawn status Lost status Source of classification or shelving scheme Damaged status Not for loan Permanent Location Current Location Shelving location Date acquired Total Checkouts Full call number Barcode Date last seen Price effective from Koha item type Public note
          Military College of Signals (MCS) Military College of Signals (MCS) General Stacks 12/20/2022   320.011,PER MCS37591 12/20/2022 12/20/2022 Book Almirah No.49, Shelf No.4
© 2023 Central Library, National University of Sciences and Technology. All Rights Reserved.